000 00785cam a22002771 4500
001 13804
003 BD-RjUL
005 20211208235521.0
008 140202s1961 nyu 001 0 eng
035 _a(BD-RjUL)13856
035 _a(OCoLC)657627
040 _aDLC
_cPPD
_dUk
_dDLC
_dBD-RjUL
_beng
041 _aeng
082 _a621.381
_bHIE 1961
100 1 _aHill, William Ryland.
_939444
245 0 0 _aElectronics in engineering /
_cWilliam Ryland Hill
250 _a2d ed.
260 _aNew York :
_bMcGraw-Hill,
_cc1961.
300 _a340 p. :
_b ill. ;
_c24 cm.
490 0 _aMcGraw-Hill electrical and electronic engineering series
504 _aIncludes index.
650 0 _aElectronics.
_943179
942 _2ddc
_cBK
999 _c13804
_d13804